000 00666nam a2200229Ia 4500
003 OSt
005 20221006164437.0
006 a|||||r|||| 00| 0
007 ta
008 221006b |||||||| |||| 00| 0 eng d
024 _a3,383
037 _cTextual
040 _aFML
_cFML
_beng
041 _2eng
_aeng
082 _a44: 8.44, P7
100 _aWadia Angela Au.
_9677502
245 0 _aBroadcast Managment in India
_b Major Gudielines and Polisy Frameworks
260 _aNew Delhi
_bKanishka Publishers, Distributors
_c2007
300 _a414
_ccm.
942 _h44: 8.44, P7
_cTEXL
_2CC
999 _c1117288
_d1117288